ბათუმის შოთა რუსთაველის სახელმწიფო უნივერსიტეტის ბიბლიოთეკა

Лекции о Прусте : (ბიბ.ჩანაწერი № 61008)

000 -LEADER
fixed length control field 00718nam a22001817a 4500
005 - DATE AND TIME OF LATEST TRANSACTION
control field 20231206120307.0
008 - FIXED-LENGTH DATA ELEMENTS--GENERAL INFORMATION
fixed length control field 231206s1995 ru ||||| |||| 00| 0 rus d
020 ## - INTERNATIONAL STANDARD BOOK NUMBER
International Standard Book Number 5880590089
041 ## - LANGUAGE CODE
Language code of text/sound track or separate title rus
080 ## - UNIVERSAL DECIMAL CLASSIFICATION NUMBER
Universal Decimal Classification number 128/129+165.745+821.133.1.09-311.1 M-22
100 ## - MAIN ENTRY--PERSONAL NAME
Personal name Мамардашвили, Мераб
9 (RLIN) 20330
245 ## - TITLE STATEMENT
Title Лекции о Прусте :
Remainder of title (психологическая топология пути) /
Statement of responsibility, etc. Мераб Мамардашвили.
264 ## - PRODUCTION, PUBLICATION, DISTRIBUTION, MANUFACTURE, AND COPYRIGHT NOTICE
Place of production, publication, distribution, manufacture Москва:
Name of producer, publisher, distributor, manufacturer Ad Marginem,
Date of production, publication, distribution, manufacture, or copyright notice 1995.
300 ## - PHYSICAL DESCRIPTION
Extent 547 с.;
Other physical details 23 см.
653 ## - INDEX TERM--UNCONTROLLED
keyword ლექციები პრუსტზე
653 ## - INDEX TERM--UNCONTROLLED
keyword ფსიქოლოგიური ტოპოლოგია
942 ## - ADDED ENTRY ELEMENTS (KOHA)
Source of classification or shelving scheme
Koha item type წიგნი
ეგზემპლარები
Withdrawn status Lost status Source of classification or shelving scheme Damaged status Not for loan Permanent Location Current Location Shelving location Date acquired Cost, normal purchase price Full call number Barcode Date last seen Copy number Uniform Resource Identifier Price effective from Koha item type Public note
          ბათუმის შოთა რუსთაველის სახელმწიფო უნივერსიტეტის მთავარი ბიბლიოთეკა ბათუმის შოთა რუსთაველის სახელმწიფო უნივერსიტეტის მთავარი ბიბლიოთეკა წიგნსაცავი 2023-12-06 8.00 128/129+165.745+821.133.1.09-311.1 M-22 65531 2023-12-06 65531 ბსუ-ს საპატიო დოქტორის გურამ ლორთქიფანიძის საჩუქარი 2023-12-06 წიგნი 8 ლ.